| 000 | 00774nam a2200205 a 4500 | ||
|---|---|---|---|
| 003 | 0 | ||
| 005 | 20250219090744.0 | ||
| 008 | 110621s19uu xx 00 eng d | ||
| 050 |
_aPHS TL 671.2 _b.L51 2011 |
||
| 100 | _aLee, Jerome Marc T. | ||
| 245 |
_aComparative study on the performance of different wing shapes of model aircraft / _cJerome Marc T. Lee. |
||
| 260 |
_aLas PiƱas City, Philippines : _bSouthville International School and Colleges, _c2011. |
||
| 300 |
_a20 pages : _billustrations ; _c28 cm. |
||
| 504 | _aIncludes bibliographical references. | ||
| 650 |
_aAerodynamics _xWing design. |
||
| 650 |
_aAircraft wings _xPerformance testing. |
||
| 650 |
_aModel aircraft _xAerodynamics. |
||
| 650 |
_aAircraft design _xComparative studies. |
||
| 942 |
_2lcc _cPASS |
||
| 999 |
_c98596 _d98596 |
||